PAÍSES MAS VISITADOS POR TURISTAS (2018) - Estadísticas

Estadísticas generales
  • Esta prueba ha sido intentada 131 veces
  • La puntuación promedio es 9 de 10
Estadísticas de respuestas
Hint Respuesta % Correcto
82.8 millones España
100%
89.4 millones Francia
99%
79.6 millones Estados Unidos
98%
62.1 millones Italia
94%
62.9 millones China
93%
41.4 millones México
93%
36.3 millones Reino Unido
92%
38.9 millones Alemania
89%
38.3 millones Tailandia
70%
45.8 millones Turquía
67%
No se encontraron pruebas coincidentes
Distribución de puntuación
Porcentaje de gente con cada puntuación
Porcentaje por número respondido
Historial de tus puntuaciones
No has intentado esta prueba.